Harry Potter 3: Moony, Wormtail, Padfoot, and Prongs Quiz Stats

Quiz not verified by Sporcle

Challenge
Share
Tweet
Embed
Score 0/13 Timer 02:00
0 Plays Today
Characters % Correct
Ron Weasley
98.3%
Peter Pettigrew
98.3%
Harry Potter
98.1%
Sirius Black
97.6%
Hermione Granger
97.4%
Remus Lupin
97.4%
James Potter
96.4%
Severus Snape
95.9%
Albus Dumbledore
94%
Lord Voldemort
79.1%
Crookshanks
78.7%
Minerva McGonagall
70.7%
Poppy Pomfrey
55.9%

You're not logged in!

Compare scores with friends on all Sporcle quizzes.
Sign Up with Email
OR
Log In

Show Comments

Extras

Top Quizzes Today


Score Distribution

Your Account Isn't Verified!

In order to create a playlist on Sporcle, you need to verify the email address you used during registration. Go to your Sporcle Settings to finish the process.

Report this User

Report this user for behavior that violates our Community Guidelines.

Details: